| 000 | 00376nam a2200157Ia 4500 | ||
|---|---|---|---|
| 008 | 230917s9999||||xx |||||||||||||| ||und|| | ||
| 020 | _cPOU20 | ||
| 040 |
_e17927 _aMAIN |
||
| 041 | _aEnglish | ||
| 082 | _a330 06P | ||
| 100 | _aBrien, D P, ed | ||
| 245 | 0 | _aPioneers of modern economics in Britain | |
| 260 |
_aLondon _bMacmillan |
||
| 300 | _axiii,272 p. | ||
| 942 | _cBK | ||
| 999 |
_c221660 _d221660 |
||